[Event "GER-chT U18 Girls"]
[Site "Germany"]
[Date "2012.05.05"]
[Round "6.1"]
[White "Beier, Nina"]
[Black "Garbere, Diana"]
[Result "0-1"]
[WhiteElo "1579"]
[BlackElo "1026"]
[PlyCount "104"]
[EventDate "2012.05.04"]
[EventType "team-swiss"]
[EventRounds "7"]
[EventCountry "GER"]
[SourceTitle "EXT 2014"]
[Source "ChessBase"]
[SourceDate "2013.11.20"]
[SourceVersion "1"]
[SourceVersionDate "2013.11.20"]
[SourceQuality "1"]
[WhiteTeam "Viernheim (W)"]
[BlackTeam "Hamburg CPG (W)"]
[WhiteTeamCountry "GER"]
[BlackTeamCountry "GER"]

1. d4 Nf6 2. Bg5 d6 3. Bxf6 exf6 4. e3 g6 5. Bd3 Bg7 6. Nd2 0-0 7. Ne2 b6 8. 0-0 Bb7 9. c3 f5 10. Ng3 Nd7 11. Re1 Nf6 12. f3 c5 13. e4 fxe4 14. fxe4 cxd4 15. cxd4 Re8 16. d5 Qe7 17. Bb5 Nd7 18. Rb1 a6 19. Bxd7 Qxd7 20. Nc4 Qc8 21. Nxd6 Qc5+ 22. Kh1 Qxd6 23. Qf3 f5 24. Rf1 Rf8 25. Qb3 fxe4 26. Nxe4 Bxd5 27. Nxd6 Bxb3 28. axb3 Rfd8 29. Nc4 b5 30. Na3 Rd3 31. Rf3 Rad8 32. Rxd3 Rxd3 33. g3 Rxb3 34. Kg2 Rxb2+ 35. Rxb2 Bxb2 36. Nc2 Kf7 37. Kf3 Ke6 38. Ke4 Kd6 39. Kd3 Kc5 40. Ne3 a5 41. Kc2 Bd4 42. Nd1 Bg1 43. h3 h5 44. Nc3 b4 45. Ne2 Bf2 46. Kb3 Kb5 47. Kb2 a4 48. g4 hxg4 49. hxg4 b3 50. Nc3+ Kb4 51. Nd5+ Kc4 52. Nb6+ Bxb6 0-1

[Event "GER-chT U18 Girls"]
[Site "Germany"]
[Date "2012.05.04"]
[Round "1.1"]
[White "Beier, Nina"]
[Black "Hammer, Nicole"]
[Result "1-0"]
[WhiteElo "1579"]
[BlackElo "752"]
[PlyCount "77"]
[EventDate "2012.05.04"]
[EventType "team-swiss"]
[EventRounds "7"]
[EventCountry "GER"]
[SourceTitle "EXT 2014"]
[Source "ChessBase"]
[SourceDate "2013.11.20"]
[SourceVersion "1"]
[SourceVersionDate "2013.11.20"]
[SourceQuality "1"]
[WhiteTeam "Viernheim (W)"]
[BlackTeam "Hamm FvSG (W)"]
[WhiteTeamCountry "GER"]
[BlackTeamCountry "GER"]

1. d4 d5 2. Bg5 f6 3. Bh4 Nc6 4. e3 a6 5. Bd3 g6 6. Nd2 Bg7 7. Ngf3 e5 8. dxe5 Nxe5 9. Nxe5 Be6 10. Nef3 Qd7 11. h3 0-0-0 12. Nd4 Bf7 13. N2b3 Bf8 14. Be2 f5 15. Bxd8 Qxd8 16. a3 Nf6 17. Qd3 Bd6 18. Na5 c5 19. Nxb7 Qb6 20. Nxd6+ Qxd6 21. Qxa6+ Qxa6 22. Bxa6+ Kd8 23. Nf3 f4 24. 0-0 fxe3 25. fxe3 Ke7 26. Ng5 Be8 27. Rae1 Kf8 28. Rxf6+ Kg7 29. Ref1 h6 30. Ne6+ Kh7 31. Bd3 Rg8 32. Nf8+ Kh8 33. Nxg6+ Bxg6 34. Bxg6 Rd8 35. R1f3 d4 36. exd4 Rxd4 37. Rg3 h5 38. Bf5 Rd8 39. Rh6# 1-0

[Event "GER-ch U18 Girls"]
[Site "Oberhof"]
[Date "2011.06.17"]
[Round "8"]
[White "Garny, Annica"]
[Black "Beier, Nina"]
[Result "1/2-1/2"]
[WhiteElo "1783"]
[BlackElo "1521"]
[PlyCount "53"]
[EventDate "2011.06.11"]
[EventType "swiss"]
[EventRounds "9"]
[EventCountry "GER"]
[SourceTitle "CBM 142 Extra"]
[Source "ChessBase"]
[SourceDate "2011.06.27"]
[SourceVersion "1"]
[SourceVersionDate "2011.06.27"]
[SourceQuality "1"]

1. e4 e6 2. d4 d5 3. Nd2 Nf6 4. e5 Nfd7 5. Bd3 b6 6. Ngf3 Ba6 7. Qe2 Bxd3 8. Qxd3 c5 9. Qe2 cxd4 10. Nxd4 Qg5 11. N2f3 Qg6 12. Nh4 Qe4 13. Nhf3 Bc5 14. Nb3 Qxe2+ 15. Kxe2 Nc6 16. Nxc5 Nxc5 17. c3 h6 18. Re1 0-0 19. Be3 Nd7 20. Bd4 Rac8 21. Rac1 Rc7 22. Kf1 Rfc8 23. h3 Nxd4 24. Nxd4 a6 25. f4 Nc5 26. Rcd1 Re8 27. Kg1 1/2-1/2

[Event "GER-ch U18 Girls"]
[Site "Oberhof"]
[Date "2011.06.12"]
[Round "1"]
[White "Beier, Nina"]
[Black "Sonnhalter, Stella"]
[Result "0-1"]
[WhiteElo "1521"]
[BlackElo "1748"]
[PlyCount "110"]
[EventDate "2011.06.11"]
[EventType "swiss"]
[EventRounds "9"]
[EventCountry "GER"]
[SourceTitle "CBM 142 Extra"]
[Source "ChessBase"]
[SourceDate "2011.06.27"]
[SourceVersion "1"]
[SourceVersionDate "2011.06.27"]
[SourceQuality "1"]

1. d4 Nf6 2. Bg5 Ne4 3. Bf4 c5 4. f3 Qa5+ 5. c3 Nf6 6. Nd2 cxd4 7. Nb3 Qd8 8. Nxd4 Nc6 9. Nxc6 bxc6 10. e4 g6 11. Be3 Bg7 12. Bc4 d5 13. Bb3 0-0 14. e5 Nd7 15. f4 f6 16. Bxd5+ cxd5 17. Qxd5+ Kh8 18. Qxa8 fxe5 19. 0-0-0 exf4 20. Bxa7 Qa5 21. Rxd7 Bxd7 22. Qb7 Bf5 23. Ne2 Qxa2 24. Rd1 f3 25. gxf3 Bh6+ 26. f4 e5 27. Bb8 Qb1+ 28. Kd2 Rd8+ 29. Nd4 Qc2+ 30. Ke1 exd4 31. Be5+ Kg8 32. cxd4 Qe4+ 33. Qxe4 Bxe4 34. Rd2 Bg7 35. Ke2 Kf7 36. Ke3 Bb7 37. Rc2 Rd7 38. Rc7 Rxc7 39. Bxc7 Ke6 40. Be5 Bf6 41. b4 g5 42. fxg5 Bxg5+ 43. Ke2 Ba6+ 44. Kf2 Bd2 45. Kf3 Bxb4 46. h4 Kf5 47. Bg7 Bb7+ 48. Kg3 h5 49. Be5 Ke4 50. Bf6 Bc3 51. Bg5 Bxd4 52. Be7 Be5+ 53. Kg2 Kf4+ 54. Kh3 Kf3 55. Bg5 Bc8# 0-1

[Event "BL2 Sued 1011 (Women)"]
[Site "Germany"]
[Date "2010.11.07"]
[Round "2.6"]
[White "Beier, Nina"]
[Black "Erbs, Susan"]
[Result "0-1"]
[WhiteElo "1713"]
[BlackElo "2017"]
[PlyCount "114"]
[EventDate "2010.11.06"]
[EventType "team-tourn"]
[EventRounds "7"]
[EventCountry "GER"]
[SourceTitle "EXT 2012"]
[Source "ChessBase"]
[SourceDate "2011.11.24"]
[SourceVersion "1"]
[SourceVersionDate "2011.11.24"]
[SourceQuality "1"]
[WhiteTeam "Mainz Orient (W)"]
[BlackTeam "Stuttgart Wolfbusch (W)"]
[WhiteTeamCountry "GER"]
[BlackTeamCountry "GER"]

1. d4 d6 2. Bg5 g6 3. Nf3 Bg7 4. e3 c5 5. c3 Nd7 6. Bd3 Ngf6 7. Nbd2 a6 8. Qa4 0-0 9. 0-0 b5 10. Qc2 c4 11. Be2 d5 12. e4 dxe4 13. Nxe4 Bb7 14. Ng3 Qc7 15. Rfe1 Rae8 16. Qd2 Nd5 17. Bh6 f6 18. Bxg7 Kxg7 19. Rad1 Qf4 20. Bf1 Qxd2 21. Rxd2 N7b6 22. Ne4 Na4 23. Rc2 Rc8 24. Rec1 Nf4 25. Nfd2 Nd3 26. Rb1 Nf4 27. b3 cxb3 28. axb3 Nb6 29. Nc5 Bd5 30. Re1 e5 31. Nxa6 exd4 32. Re7+ Rf7 33. Rxf7+ Bxf7 34. g3 Rxc3 35. Rb2 Nd3 36. Bxd3 Rxd3 37. Nb4 Rc3 38. Nc2 d3 39. Nb4 Nd5 40. Na2 Rc2 41. Rxc2 dxc2 42. Nc1 g5 43. Nf1 Bg6 44. Ne3 Nb4 45. Kf1 Nd3 46. Nxc2 Nxc1 47. Nd4 g4 48. Kg2 Be4+ 49. Kg1 b4 50. Ne6+ Kf7 51. Nc5 Bd5 52. Na6 Nd3 53. Kf1 Bxb3 54. Ke2 Bc4 55. Nc7 b3 56. Kd2 b2 57. Kc2 Ba2 0-1

[Event "GER-ch U16 Girls"]
[Site "Willingen"]
[Date "2009.05.31"]
[Round "2"]
[White "Garny, Annica"]
[Black "Beier, Nina"]
[Result "1/2-1/2"]
[WhiteElo "1604"]
[BlackElo "1393"]
[PlyCount "44"]
[EventDate "2009.05.30"]
[EventType "swiss"]
[EventRounds "9"]
[EventCountry "GER"]
[SourceTitle "EXT 2010"]
[Source "ChessBase"]
[SourceDate "2010.11.25"]
[SourceVersion "1"]
[SourceVersionDate "2010.11.25"]
[SourceQuality "1"]

1. e4 e6 2. d4 d5 3. exd5 exd5 4. Nc3 c6 5. Nf3 Bd6 6. Bd3 h6 7. 0-0 Bg4 8. Re1+ Ne7 9. Qe2 0-0 10. h3 Bh5 11. Qe3 Nd7 12. Ne5 Re8 13. g4 Bxe5 14. dxe5 Bg6 15. f4 Bxd3 16. Qxd3 Ng6 17. Bd2 Qh4 18. e6 Nc5 19. exf7+ Kxf7 20. Qf5+ Kg8 21. Qxg6 Qg3+ 22. Kf1 Qf3+ 1/2-1/2

[Event "Baden-ch U14/20 Girls"]
[Site "Schoeneck"]
[Date "2009.01.04"]
[Round "6"]
[White "Kuehnel, Lena"]
[Black "Beier, Nina"]
[Result "1/2-1/2"]
[WhiteElo "1720"]
[BlackElo "1420"]
[PlyCount "56"]
[EventDate "2009.01.02"]
[EventType "swiss"]
[EventRounds "7"]
[EventCountry "GER"]
[SourceTitle "EXT 2010"]
[Source "ChessBase"]
[SourceDate "2010.11.25"]
[SourceVersion "1"]
[SourceVersionDate "2010.11.25"]
[SourceQuality "1"]

1. e4 e5 2. Nf3 Nc6 3. Bc4 Bc5 4. c3 Nf6 5. d4 exd4 6. cxd4 Bb4+ 7. Bd2 Bxd2+ 8. Nbxd2 0-0 9. d5 Ne7 10. 0-0 d6 11. h3 Ng6 12. Nd4 Re8 13. Qc2 Nh5 14. Nf5 Bxf5 15. exf5 Ngf4 16. Nf3 g6 17. fxg6 hxg6 18. Qc3 Qf6 19. Qxf6 Nxf6 20. Rad1 Re4 21. Bb3 Re2 22. g3 N4h5 23. Rd2 Rxd2 24. Nxd2 Re8 25. Rc1 Re7 26. Kf1 Ng7 27. Nf3 Nge8 28. a4 Re4 1/2-1/2

[Event "Baden-ch U14/20 Girls"]
[Site "Schoeneck"]
[Date "2009.01.02"]
[Round "1"]
[White "Beier, Nina"]
[Black "Burmeister, Jessica"]
[Result "1/2-1/2"]
[WhiteElo "1420"]
[BlackElo "857"]
[PlyCount "200"]
[EventDate "2009.01.02"]
[EventType "swiss"]
[EventRounds "7"]
[EventCountry "GER"]
[SourceTitle "EXT 2010"]
[Source "ChessBase"]
[SourceDate "2010.11.25"]
[SourceVersion "1"]
[SourceVersionDate "2010.11.25"]
[SourceQuality "1"]

1. e4 e5 2. Nf3 Nc6 3. Bc4 h6 4. d3 d6 5. Nc3 Nf6 6. Be3 Be7 7. d4 Ng4 8. 0-0 a6 9. h3 Nxe3 10. fxe3 Bg5 11. Nxg5 Qxg5 12. Bxf7+ Kd8 13. Rf3 Rf8 14. d5 Ne7 15. Bh5 Rxf3 16. Qxf3 c5 17. dxc6 bxc6 18. Rd1 Kc7 19. Ne2 g6 20. Bg4 h5 21. Bxc8 Nxc8 22. Qf7+ Ne7 23. Rd3 Rd8 24. Qf2 d5 25. exd5 Rxd5 26. e4 Rxd3 27. cxd3 Qd2 28. Nc3 Qxd3 29. Qf6 Qe3+ 30. Kh2 Qc5 31. Kg3 Qe3+ 32. Qf3 Qg5+ 33. Kh2 h4 34. Qg4 Qf6 35. Na4 Qf4+ 36. Qxf4 exf4 37. Nc5 a5 38. Ne6+ Kd6 39. Nxf4 g5 40. Ne2 Ke5 41. Nc3 c5 42. Kg1 Nc6 43. Kf2 Kf4 44. a3 c4 45. Ke2 Nd4+ 46. Kf2 Nc6 47. Kf1 Ne5 48. Ke2 Nd3 49. b4 axb4 50. Nd5+ Kxe4 51. Nxb4 Nf4+ 52. Kf1 c3 53. a4 Nd3 54. Nc2 Nc5 55. a5 Kd3 56. Ne1+ Ke3 57. Nc2+ Kd2 58. Na3 Ke3 59. Ke1 Kd3 60. Kd1 Na6 61. Ke1 Nb4 62. Kf2 Ke4 63. g3 hxg3+ 64. Kxg3 Kf5 65. Kf3 Na6 66. Ke3 Nc5 67. Kd4 Na6 68. Kc4 Kf4 69. Kb5 Nc7+ 70. Kb6 Nd5+ 71. Kc5 Nc7 72. Kc6 Na6 73. Kb6 Nb4 74. Kb5 Nd5 75. Kc5 Nc7 76. Kc4 Kg3 77. Kxc3 Kxh3 78. Nc2 g4 79. Ne1 g3 80. Kc4 Kh2 81. Kc5 Kg1 82. Nf3+ Kf2 83. Nh4 Kg1 84. Kc6 Na6 85. Kd5 Kh2 86. Ke4 Kh3 87. Nf3 g2 88. Ke3 Kg3 89. Ke2 Kf4 90. Kf2 Ke4 91. Kxg2 Kd5 92. Nd2 Kc5 93. Kf3 Kb5 94. Nb3 Kb4 95. Ke4 Nc5+ 96. Kd5 Na6 97. Kc6 Kxb3 98. Kb6 Nb8 99. Kb7 Nd7 100. Kc7 Nc5 1/2-1/2

[Event "Baden-ch U14/18 Girls"]
[Site "Karlsruhe"]
[Date "2008.01.05"]
[Round "6"]
[White "Schmitt, Katrin"]
[Black "Beier, Nina"]
[Result "1-0"]
[WhiteElo "1430"]
[BlackElo "1193"]
[PlyCount "126"]
[EventDate "2008.01.02"]
[EventType "swiss"]
[EventRounds "7"]
[EventCountry "GER"]
[SourceTitle "EXT 2009"]
[Source "ChessBase"]
[SourceDate "2008.11.26"]
[SourceVersion "1"]
[SourceVersionDate "2008.11.26"]
[SourceQuality "1"]

1. e4 e5 2. Nf3 Nc6 3. d4 exd4 4. Nxd4 Bc5 5. Be3 Qf6 6. c3 Nge7 7. Bc4 d6 8. 0-0 Qg6 9. Nxc6 Nxc6 10. Bxc5 dxc5 11. f3 0-0 12. Qe2 Be6 13. Bxe6 Qxe6 14. Nd2 Rad8 15. Nb3 b6 16. Rad1 Rd6 17. Rxd6 cxd6 18. Rd1 Rd8 19. Qa6 d5 20. exd5 Rxd5 21. Rxd5 Qxd5 22. Qc8+ Nd8 23. Kf2 Kf8 24. Qb8 Qd7 25. h3 Ke7 26. Qe5+ Ne6 27. Qe2 Qa4 28. Nc1 Qh4+ 29. Kg1 Qg3 30. Nd3 h6 31. Ne5 a6 32. Nc4 b5 33. Ne5 f6 34. Nd3 c4 35. Nb4 Qd6 36. Kh1 a5 37. Nc2 Qd3 38. Nd4 Qxe2 39. Nxe2 Kd6 40. Kg1 b4 41. Kf2 b3 42. Nc1 a4 43. a3 Nf4 44. h4 g5 45. hxg5 hxg5 46. g4 Kd5 47. Ke3 Ke5 48. Kf2 Nd5 49. Ne2 f5 50. gxf5 Kxf5 51. Nd4+ Kf4 52. Ne2+ Kf5 53. Ng3+ Kf4 54. Ne2+ Kf5 55. Nd4+ Kf4 56. Ne6+ Ke5 57. Nc5 Nxc3 58. Kg3 Ne2+ 59. Kf2 c3 60. Kxe2 cxb2 61. Nd3+ Kd4 62. Nxb2 Kc5 63. Kd3 Kd5 1-0

[Event "Baden-ch U14/18 Girls"]
[Site "Karlsruhe"]
[Date "2008.01.04"]
[Round "4"]
[White "Beier, Nina"]
[Black "Speichert, Saskia"]
[Result "1/2-1/2"]
[WhiteElo "1193"]
[BlackElo "976"]
[PlyCount "64"]
[EventDate "2008.01.02"]
[EventType "swiss"]
[EventRounds "7"]
[EventCountry "GER"]
[SourceTitle "EXT 2009"]
[Source "ChessBase"]
[SourceDate "2008.11.26"]
[SourceVersion "1"]
[SourceVersionDate "2008.11.26"]
[SourceQuality "1"]

1. e4 e5 2. Nf3 Nc6 3. Bc4 Bc5 4. Nc3 Nf6 5. d3 h6 6. Be3 Bb6 7. 0-0 d6 8. h3 Be6 9. Bb3 0-0 10. Qd2 Bxe3 11. fxe3 Qd7 12. d4 exd4 13. exd4 d5 14. Rae1 dxe4 15. Nxe4 Nxe4 16. Rxe4 Bf5 17. Ree1 Rad8 18. c3 Bg6 19. Ne5 Nxe5 20. Rxe5 Rfe8 21. Rfe1 Rxe5 22. Rxe5 Re8 23. Qf4 Rxe5 24. Qxe5 Bf5 25. Bd5 b6 26. Be4 Bxe4 27. Qxe4 Qe6 28. Qa8+ Kh7 29. Qxa7 c5 30. dxc5 Qe1+ 31. Kh2 Qe5+ 32. g3 Qe2+ 1/2-1/2

[Event "Baden-ch U14/18 Girls"]
[Site "Karlsruhe"]
[Date "2008.01.03"]
[Round "2"]
[White "Beier, Nina"]
[Black "Kohm, Vanessa"]
[Result "0-1"]
[WhiteElo "1193"]
[BlackElo "1795"]
[PlyCount "68"]
[EventDate "2008.01.02"]
[EventType "swiss"]
[EventRounds "7"]
[EventCountry "GER"]
[SourceTitle "EXT 2009"]
[Source "ChessBase"]
[SourceDate "2008.11.26"]
[SourceVersion "1"]
[SourceVersionDate "2008.11.26"]
[SourceQuality "1"]

1. e4 c5 2. Nf3 e6 3. d4 cxd4 4. Nxd4 Nf6 5. Nc3 a6 6. g3 Nc6 7. Bg2 Bb4 8. Nde2 0-0 9. Be3 Ne5 10. f4 Nc4 11. Qc1 Nxe3 12. Qxe3 d6 13. 0-0-0 Bc5 14. Qf3 Qc7 15. h3 Rb8 16. g4 b5 17. g5 Nd7 18. Nb1 Bb7 19. Qd3 Rfc8 20. a3 b4 21. axb4 Bxb4 22. Nec3 Nc5 23. Qc4 Ba8 24. Qa2 Nxe4 25. Bxe4 Bxe4 26. Rhe1 Bf5 27. h4 d5 28. Rd4 Bc5 29. Ra4 d4 30. Ne4 Qxf4+ 31. Nbd2 Qxh4 32. Nf3 Qf4+ 33. Ned2 Bb4 34. Qb1 d3 0-1

[Event "Baden-ch U14 Girls"]
[Site "Karlsruhe"]
[Date "2007.01.03"]
[Round "2"]
[White "Boehmer, Hanna"]
[Black "Beier, Nina"]
[Result "1-0"]
[WhiteElo "1186"]
[BlackElo "1025"]
[PlyCount "169"]
[EventDate "2007.01.02"]
[EventType "tourn"]
[EventRounds "7"]
[EventCountry "GER"]
[SourceTitle "EXT 2008"]
[Source "ChessBase"]
[SourceDate "2007.11.25"]
[SourceVersion "1"]
[SourceVersionDate "2007.11.25"]
[SourceQuality "1"]

1. e4 e5 2. Nf3 Nc6 3. Bc4 Bc5 4. c3 Nf6 5. d4 exd4 6. cxd4 Bb4+ 7. Nc3 Nxe4 8. 0-0 Nxc3 9. bxc3 d5 10. Bd3 Bxc3 11. Rb1 Nxd4 12. Nxd4 Bxd4 13. Bb5+ c6 14. Bxc6+ bxc6 15. Qxd4 0-0 16. Re1 Bf5 17. Rb2 Re8 18. Rbe2 Re6 19. Bb2 Qg5 20. Bc1 Qg6 21. Re3 Be4 22. Rg3 Qf6 23. Qd2 Rae8 24. Bb2 Qh6 25. Rxg7+ Qxg7 26. Bxg7 Kxg7 27. Qd4+ f6 28. f3 Bg6 29. Rxe6 Rxe6 30. Kf2 Kf7 31. Qxa7+ Re7 32. Qc5 Re6 33. a4 Bd3 34. Kg3 Ke8 35. a5 Kd7 36. Qa3 Bb5 37. Qb4 Rd6 38. Qd4 h6 39. h4 Ke7 40. Kf4 Kf7 41. h5 Re6 42. g4 Re7 43. Qc5 Rd7 44. Qd4 Re7 45. Kg3 Re8 46. Qf4 Kg7 47. Qc7+ Kg8 48. Qf4 Kg7 49. Qd4 Kf7 50. Kh4 Bc4 51. Qc5 Bb5 52. Qd4 Bc4 53. f4 Rg8 54. Qe3 Re8 55. Qf2 Re2 56. Qd4 Rg2 57. Qe3 Be2 58. Qa7+ Kg8 59. Qb8+ Kg7 60. Qc7+ Kg8 61. Qd8+ Kg7 62. Qe7+ Kg8 63. Qxf6 Rxg4+ 64. Kh3 Rg7 65. Qe6+ Rf7 66. Qxe2 Ra7 67. a6 d4 68. Qc4+ Kf8 69. Qc5+ Re7 70. a7 Kf7 71. Qxe7+ Kxe7 72. a8Q Kd6 73. Qa3+ c5 74. Qb3 Ke7 75. Qd5 Kf6 76. Qxc5 Kf7 77. Qxd4 Ke6 78. Qc5 Kf6 79. Qe5+ Kf7 80. Qd6 Kg7 81. Kg4 Kf7 82. Kf5 Ke8 83. Qc7 Kf8 84. Kf6 Kg8 85. Qg7# 1-0